| 000 | 00546nam a22001817a 4500 | ||
|---|---|---|---|
| 005 | 20251108172630.0 | ||
| 008 | 250721s1995 xx 000 0 ara d | ||
| 082 | 1 | 4 | _a349.564/أي |
| 245 | 1 | 0 | _aاي نظام قانوني لفلسطين / |
| 264 | 1 |
_aبيرزيت : _bجامعة بيرزيت، _c1995. |
|
| 300 | _a139 ص | ||
| 490 | 0 | _aسلسلة الدراسات القانونيه | |
| 650 | 1 | 7 | _aالقانون |
| 650 | 1 | 7 | _aتاريخ فلسطين |
| 650 | 1 | 7 | _aالقضية الفلسطينية |
| 942 |
_2ddc _cBK |
||
| 999 |
_c84545 _d84545 |
||